| 000 | 00631nam a2200193Ia 4500 | ||
|---|---|---|---|
| 003 | IN-BaIIA | ||
| 008 | 211028s9999 xx 000 0 eng d | ||
| 040 | _cIIA Library | ||
| 080 |
_a537.531 _bPIR |
||
| 100 |
_aPirenne, M. H. _91893 |
||
| 245 | 4 |
_aThe diffraction of X-rays and electrons by free molecules _cM. H. Pirenne |
|
| 260 |
_aCambridge _bCambridge University Press _c1946 |
||
| 300 | _axii, 160p. | ||
| 490 | _aThe cambridge series of physical chemistry | ||
| 650 |
_aElectron Diffraction _91894 |
||
| 650 | _aNASA Thesaurus | ||
| 650 |
_aX-Ray Diffraction _91895 |
||
| 942 | _cBK | ||
| 999 |
_c886 _d886 |
||